[Event "Erfurt op-A 29th"]
[Site "Erfurt"]
[Date "2019.12.26"]
[Round "1"]
[White "Diener, Carolin Valeria"]
[Black "Hornung, Hans"]
[Result "1-0"]
[WhiteElo "1864"]
[BlackElo "2080"]
[PlyCount "89"]
[EventDate "2019.12.26"]
[EventType "swiss"]
[EventRounds "8"]
[EventCountry "GER"]
[SourceTitle "CBM 194 Extra"]
[Source "ChessBase"]
[SourceDate "2020.03.31"]
[SourceVersion "1"]
[SourceVersionDate "2020.03.31"]
[SourceQuality "1"]

1. e4 c5 2. Nc3 e6 3. f4 a6 4. a4 d5 5. d3 Nc6 6. Nf3 Nf6 7. Be2 Be7 8. 0-0 0-0 9. Kh1 Rb8 10. e5 Nd7 11. d4 cxd4 12. Nxd4 Nc5 13. Be3 Qc7 14. Qe1 Ne4 15. Nxe4 dxe4 16. c3 Bd7 17. Qg3 f5 18. exf6 Bxf6 19. Nxc6 Bxc6 20. a5 Rbc8 21. Bb6 Qe7 22. b4 Bd5 23. Rac1 Bc4 24. Bxc4 Rxc4 25. Bc5 Rxc5 26. bxc5 Qxc5 27. Rfe1 Qxa5 28. Rxe4 Qf5 29. Qe3 e5 30. Re1 exf4 31. Rxf4 Qa5 32. Qe6+ Kh8 33. Qf7 Qa3 34. Qc4 h6 35. Rf3 Qd6 36. Rd3 Qb6 37. Rde3 Qd8 38. Qb4 Kh7 39. Qxb7 Qd2 40. Qe4+ Kh8 41. Qd3 Qa2 42. Re8 Kg8 43. Rxf8+ Kxf8 44. Qd7 Qf7 45. Qc8+ 1-0

[Event "GER-ch U18 Girls"]
[Site "Willingen"]
[Date "2018.05.23"]
[Round "6"]
[White "Diener, Carolin Valeria"]
[Black "Ley, Sabrina"]
[Result "0-1"]
[WhiteElo "1838"]
[BlackElo "1929"]
[PlyCount "38"]
[EventDate "2018.05.19"]
[EventType "swiss"]
[EventRounds "9"]
[EventCountry "GER"]
[SourceTitle "CBM 184 Extra"]
[Source "ChessBase"]
[SourceDate "2018.06.28"]
[SourceVersion "1"]
[SourceVersionDate "2018.06.28"]
[SourceQuality "1"]

1. e4 d5 2. exd5 Qxd5 3. Nc3 Qd6 4. d4 Nf6 5. Nf3 a6 6. Bd3 Nc6 7. h3 g6 8. Be3 Bg7 9. Qd2 0-0 10. 0-0-0 b5 11. g4 Bb7 12. Ne4 Nxe4 13. Bxe4 Qe6 14. Bxc6 Qxc6 15. Ng5 h6 16. Nxf7 Rxf7 17. Rh2 Qe6 18. Kb1 Bf3 19. Re1 Qd6 0-1

[Event "Wiesbaden op 29th"]
[Site "Wiesbaden"]
[Date "2017.08.26"]
[Round "4"]
[White "Diener, Carolin Valeria"]
[Black "Rupp, Arnim"]
[Result "1-0"]
[WhiteElo "1774"]
[BlackElo "1704"]
[PlyCount "43"]
[EventDate "2017.08.24"]
[EventType "swiss"]
[EventRounds "7"]
[EventCountry "GER"]
[SourceTitle "CBM 180 Extra"]
[Source "ChessBase"]
[SourceDate "2017.10.06"]
[SourceVersion "1"]
[SourceVersionDate "2017.10.06"]
[SourceQuality "1"]

1. e4 d5 2. exd5 Nf6 3. Bb5+ Bd7 4. Be2 Nxd5 5. d4 Nc6 6. Nf3 g6 7. 0-0 Bg7 8. c4 Nf6 9. Nc3 Bg4 10. Be3 e6 11. h3 Bxf3 12. Bxf3 Qd7 13. Qd2 0-0 14. Rac1 Rab8 15. b3 Rfd8 16. Rfd1 Ne8 17. d5 Ne5 18. Be2 Nf6 19. f4 Nxc4 20. Bxc4 a6 21. dxe6 Qe7 22. exf7+ 1-0

[Event "GER-chT Federal Cup (Women)"]
[Site "Braunfels"]
[Date "2017.06.18"]
[Round "5.5"]
[White "Gheng, Simona"]
[Black "Diener, Carolin Valeria"]
[Result "1-0"]
[WhiteElo "1999"]
[BlackElo "1886"]
[PlyCount "83"]
[EventDate "2017.06.15"]
[EventType "team-swiss"]
[EventRounds "5"]
[EventCountry "GER"]
[SourceTitle "CBM 179 Extra"]
[Source "ChessBase"]
[SourceDate "2017.08.23"]
[SourceVersion "1"]
[SourceVersionDate "2017.08.23"]
[SourceQuality "1"]
[WhiteTeam "Wuerttemberg (W)"]
[BlackTeam "Hessen (W) II"]
[WhiteTeamCountry "GER"]
[BlackTeamCountry "GER"]

1. e4 e5 2. Nf3 Nc6 3. Bb5 a6 4. Ba4 Nf6 5. d3 d6 6. c3 Be7 7. 0-0 0-0 8. Nbd2 b5 9. Bc2 Nb8 10. Re1 c5 11. Nf1 Qc7 12. Ng3 g6 13. Bh6 Re8 14. h3 Nbd7 15. Qd2 Nf8 16. a4 Bd7 17. axb5 axb5 18. h4 Nh5 19. Nxh5 gxh5 20. Bxf8 Rxf8 21. Qh6 Bg4 22. Ng5 Bxg5 23. Qxg5+ Kh8 24. Qf6+ Kg8 25. f3 Be6 26. Qg5+ Kh8 27. Qxh5 Ra7 28. Qh6 Rfa8 29. Rxa7 Qxa7 30. Qf6+ Kg8 31. h5 Qb8 32. h6 Qf8 33. f4 exf4 34. Rf1 Ra6 35. Rxf4 d5 36. Rf3 Bg4 37. Qxa6 Bxf3 38. gxf3 f6 39. Qe6+ Kh8 40. e5 Qxh6 41. Qxf6+ Qxf6 42. exf6 1-0

[Event "GER-chT Federal Cup (Women)"]
[Site "Braunfels"]
[Date "2017.06.17"]
[Round "4.4"]
[White "Scognamiglio, Stefanie"]
[Black "Diener, Carolin Valeria"]
[Result "1/2-1/2"]
[WhiteElo "2076"]
[BlackElo "1886"]
[PlyCount "103"]
[EventDate "2017.06.15"]
[EventType "team-swiss"]
[EventRounds "5"]
[EventCountry "GER"]
[SourceTitle "CBM 179 Extra"]
[Source "ChessBase"]
[SourceDate "2017.08.23"]
[SourceVersion "1"]
[SourceVersionDate "2017.08.23"]
[SourceQuality "1"]
[WhiteTeam "Hamburg (W)"]
[BlackTeam "Hessen (W) II"]
[WhiteTeamCountry "GER"]
[BlackTeamCountry "GER"]

1. e4 e5 2. Nf3 Nc6 3. Bc4 Bc5 4. 0-0 d6 5. c3 Nf6 6. d3 Bb6 7. Be3 0-0 8. Bb3 Kh8 9. Bxb6 axb6 10. Ng5 Qe7 11. Nd2 Ng4 12. Ngf3 f5 13. exf5 Bxf5 14. Ne4 Bxe4 15. dxe4 Rf4 16. Qe2 Raf8 17. h3 Rxf3 18. hxg4 R3f6 19. g3 Nd8 20. Kg2 Ne6 21. Bxe6 Qxe6 22. c4 Qe7 23. b3 Qf7 24. f3 g5 25. Rad1 Kg7 26. Qe3 h6 27. Rd3 Ra8 28. a4 Rf8 29. Rh1 Kg6 30. Kf2 Qd7 31. Qe2 Qxg4 32. Kg2 Qd7 33. f4 gxf4 34. gxf4 exf4 35. Qh5+ Kg7 36. Rdh3 Rg6+ 37. Qxg6+ Kxg6 38. Rxh6+ Kf7 39. Rh7+ Ke8 40. Rxd7 f3+ 41. Kf2 Kxd7 42. Rh5 c5 43. Rf5 Re8 44. Kxf3 Rh8 45. Rf7+ Kc6 46. Kg4 Rh1 47. Kf5 Rb1 48. Ke6 Re1 49. Ke7 Kc7 50. Ke6+ Kc6 51. Ke7 Kc7 52. Ke6+ 1/2-1/2

[Event "Hessen-chA"]
[Site "Marburg"]
[Date "2017.??.??"]
[Round "7"]
[White "Bluebaum, Johanna"]
[Black "Diener, Carolin Valeria"]
[Result "1-0"]
[WhiteElo "1977"]
[BlackElo "1897"]
[PlyCount "105"]
[EventDate "2017.05.24"]
[EventType "swiss"]
[EventRounds "7"]
[EventCountry "GER"]
[SourceTitle "EXT 2018"]
[Source "ChessBase"]
[SourceDate "2017.10.13"]
[SourceVersion "1"]
[SourceVersionDate "2017.10.13"]
[SourceQuality "1"]

1. d4 d5 2. c4 e6 3. Nc3 Nf6 4. cxd5 exd5 5. Bg5 c6 6. e3 Be7 7. Bd3 Nbd7 8. Nge2 0-0 9. Qc2 h6 10. Bh4 Ne8 11. Bg3 Ndf6 12. 0-0 Nd6 13. f3 Nh5 14. Bf2 f5 15. g3 g5 16. Rae1 Kh8 17. Rd1 f4 18. exf4 gxf4 19. Bg6 fxg3 20. hxg3 Ng7 21. Nf4 Ne6 22. Nce2 Bg5 23. Nxe6 Bxe6 24. f4 Be7 25. Kg2 Kg7 26. Rh1 Nf5 27. Bh5 Bf6 28. Rh2 Qd7 29. Rdh1 Ne7 30. Bf3 Rh8 31. Nc1 Bf5 32. Qd1 Rag8 33. Nd3 Bxd3 34. Qxd3 Qf5 35. Qb3 Qc8 36. g4 Ng6 37. Be3 Qc7 38. f5 Nf4+ 39. Bxf4 Qxf4 40. Qxb7+ Kf8 41. Qc8+ Kg7 42. Qb7+ Kf8 43. Qa8+ Kf7 44. Qxa7+ Kf8 45. Re1 Rxg4+ 46. Bxg4 Qxg4+ 47. Kh1 Qxf5 48. Qb8+ Kf7 49. Qc7+ Kf8 50. Qd6+ Kf7 51. Qc7+ Kf8 52. Qg3 Bxd4 53. Qd6+ 1-0

[Event "Hessen-chA"]
[Site "Marburg"]
[Date "2017.??.??"]
[Round "5"]
[White "Diener, Carolin Valeria"]
[Black "Dios, Erwin Michael"]
[Result "1/2-1/2"]
[WhiteElo "1897"]
[BlackElo "2058"]
[PlyCount "82"]
[EventDate "2017.05.24"]
[EventType "swiss"]
[EventRounds "7"]
[EventCountry "GER"]
[SourceTitle "EXT 2018"]
[Source "ChessBase"]
[SourceDate "2017.10.13"]
[SourceVersion "1"]
[SourceVersionDate "2017.10.13"]
[SourceQuality "1"]

1. e4 c5 2. Nc3 Nc6 3. Bb5 g6 4. Bxc6 bxc6 5. f4 Bg7 6. Nf3 d6 7. d3 Rb8 8. 0-0 e6 9. Qe1 Ne7 10. Kh1 d5 11. g4 h5 12. Qg3 hxg4 13. Qxg4 Ba6 14. Re1 c4 15. f5 cxd3 16. fxe6 d4 17. exf7+ Kf8 18. Ng5 Bc8 19. Qf4 Rb7 20. Nb1 Rb5 21. cxd3 Be5 22. Qf2 Rxh2+ 23. Qxh2 Bxh2 24. Kxh2 Qd6+ 25. Kg2 Rxg5+ 26. Bxg5 Qe6 27. Bxe7+ Qxe7 28. Na3 Qg5+ 29. Kf2 Kxf7 30. Nc4 Bg4 31. Rf1 Kg7 32. Ke1 Bh3 33. b3 Qg3+ 34. Ke2 Qg2+ 35. Rf2 Bg4+ 36. Ke1 Qg1+ 37. Rf1 Qg3+ 38. Kd2 Bh3 39. Rae1 Bxf1 40. Rxf1 Qg2+ 41. Ke1 Qg3+ 1/2-1/2

[Event "Hessen-chA"]
[Site "Marburg"]
[Date "2017.??.??"]
[Round "1"]
[White "Diener, Carolin Valeria"]
[Black "Weber, Samuel"]
[Result "0-1"]
[WhiteElo "1897"]
[BlackElo "2039"]
[PlyCount "80"]
[EventDate "2017.05.24"]
[EventType "swiss"]
[EventRounds "7"]
[EventCountry "GER"]
[SourceTitle "EXT 2018"]
[Source "ChessBase"]
[SourceDate "2017.10.13"]
[SourceVersion "1"]
[SourceVersionDate "2017.10.13"]
[SourceQuality "1"]

1. e4 e5 2. Nf3 Nc6 3. Bb5 a6 4. Ba4 Nf6 5. 0-0 Be7 6. Re1 b5 7. Bb3 d6 8. c3 0-0 9. h3 Nb8 10. d4 Nbd7 11. Nbd2 Bb7 12. Bc2 Re8 13. Nf1 Bf8 14. Ng3 g6 15. Bg5 h6 16. Bd2 Bg7 17. h4 c5 18. dxc5 Nxc5 19. b4 Ncd7 20. Bb3 d5 21. exd5 Bxd5 22. Bxd5 Nxd5 23. Bxh6 Nxc3 24. Qd2 Bxh6 25. Qxh6 Qf6 26. Qd2 Qc6 27. Rac1 Rac8 28. Rxc3 Qxc3 29. Qxd7 Rcd8 30. Qb7 Qxb4 31. Ne4 Re7 32. Qxa6 Rd3 33. Re2 Qc4 34. Qa8+ Kg7 35. Qa6 Re6 36. Qb7 Rxf3 37. Ng5 Ref6 38. Nxf3 Qxe2 39. Qd5 e4 40. Ng5 Qxf2+ 0-1

[Event "Heusenstamm Sparkassen op-A 3rd"]
[Site "Heusenstamm"]
[Date "2016.11.27"]
[Round "3"]
[White "Lesny, Florian"]
[Black "Diener, Carolin Valeria"]
[Result "1-0"]
[WhiteElo "1889"]
[BlackElo "1699"]
[PlyCount "63"]
[EventDate "2016.11.24"]
[EventType "swiss"]
[EventRounds "7"]
[EventCountry "GER"]
[SourceTitle "EXT 2018"]
[Source "ChessBase"]
[SourceDate "2017.10.13"]
[SourceVersion "1"]
[SourceVersionDate "2017.10.13"]
[SourceQuality "1"]

1. e4 e5 2. Nf3 Nc6 3. Bc4 Bc5 4. 0-0 Nf6 5. d3 h6 6. c3 0-0 7. Bb3 d6 8. Nbd2 Bb6 9. h3 Re8 10. Re1 a6 11. Nf1 d5 12. Qe2 Qd6 13. Ng3 Ba7 14. Nh4 dxe4 15. dxe4 Ne7 16. Be3 Bxe3 17. Qxe3 b6 18. Rad1 Qc6 19. Qf3 Bb7 20. Ngf5 Nxf5 21. Nxf5 Bc8 22. Kh1 Bxf5 23. Qxf5 Qc5 24. Kg1 Red8 25. Qg6 Qf8 26. Kh2 c6 27. a4 Ra7 28. Qf5 Re8 29. Rd3 Qe7 30. Red1 g6 31. Qxg6+ Kf8 32. Qxh6+ 1-0

[Event "Heusenstamm Sparkassen op-A 3rd"]
[Site "Heusenstamm"]
[Date "2016.11.25"]
[Round "2"]
[White "Diener, Carolin Valeria"]
[Black "Modric, Vladimir"]
[Result "1/2-1/2"]
[WhiteElo "1699"]
[BlackElo "1928"]
[PlyCount "57"]
[EventDate "2016.11.24"]
[EventType "swiss"]
[EventRounds "7"]
[EventCountry "GER"]
[SourceTitle "EXT 2018"]
[Source "ChessBase"]
[SourceDate "2017.10.13"]
[SourceVersion "1"]
[SourceVersionDate "2017.10.13"]
[SourceQuality "1"]

1. e4 c6 2. d4 d5 3. Nc3 dxe4 4. Nxe4 h6 5. Nf3 Bf5 6. Ng3 Bh7 7. Bd3 Bxd3 8. Qxd3 Nf6 9. Ne4 Nxe4 10. Qxe4 Nd7 11. c4 Nf6 12. Qc2 e6 13. 0-0 Qc7 14. b3 0-0-0 15. Bb2 h5 16. c5 Nd5 17. Qd2 h4 18. b4 Be7 19. Ne5 Bf6 20. Nc4 g5 21. Rab1 g4 22. b5 cxb5 23. Nd6+ Rxd6 24. cxd6 Qxd6 25. Qa5 Qb6 26. Qxb6 Nxb6 27. d5 Bxb2 28. Rxb2 Nxd5 29. Rxb5 1/2-1/2

[Event "Wiesbaden op 28th"]
[Site "Wiesbaden"]
[Date "2016.08.28"]
[Round "6"]
[White "Diener, Carolin Valeria"]
[Black "Erlekam, Simon"]
[Result "0-1"]
[WhiteElo "1692"]
[BlackElo "1799"]
[PlyCount "76"]
[EventDate "2016.08.25"]
[EventType "swiss"]
[EventRounds "7"]
[EventCountry "GER"]
[SourceTitle "CBM 174 Extra"]
[Source "ChessBase"]
[SourceDate "2016.10.10"]
[SourceVersion "1"]
[SourceVersionDate "2016.10.10"]
[SourceQuality "1"]

1. e4 c5 2. Nf3 Nc6 3. Bb5 Qc7 4. 0-0 e6 5. Re1 d6 6. c3 Be7 7. d4 cxd4 8. cxd4 a6 9. Bf1 Nf6 10. Nc3 0-0 11. g3 b5 12. a3 Bb7 13. b3 Rfe8 14. Bb2 Bf8 15. Rc1 Qb6 16. Bh3 e5 17. d5 Nb8 18. Re2 g6 19. Qd2 Bc8 20. Bxc8 Rxc8 21. h3 Nbd7 22. b4 Qb7 23. Qe3 Nb6 24. Nd2 Nc4 25. Nxc4 Rxc4 26. Rcc2 Rac8 27. Qf3 Nd7 28. Qd3 Nb6 29. Nd1 Bh6 30. Rxc4 Rxc4 31. Ne3 Bxe3 32. Qxe3 Na4 33. Qb3 Qc8 34. Kg2 f5 35. f4 Nc3 36. Bxc3 Rxc3 37. Qb2 exf4 38. exf5 f3+ 0-1

[Event "Wiesbaden op 28th"]
[Site "Wiesbaden"]
[Date "2016.08.28"]
[Round "7"]
[White "Zeyen, Helmut"]
[Black "Diener, Carolin Valeria"]
[Result "0-1"]
[WhiteElo "1819"]
[BlackElo "1692"]
[PlyCount "72"]
[EventDate "2016.08.25"]
[EventType "swiss"]
[EventRounds "7"]
[EventCountry "GER"]
[SourceTitle "CBM 174 Extra"]
[Source "ChessBase"]
[SourceDate "2016.10.10"]
[SourceVersion "1"]
[SourceVersionDate "2016.10.10"]
[SourceQuality "1"]

1. e4 e5 2. Nf3 Nc6 3. Nc3 Nf6 4. a3 Be7 5. d3 d6 6. h3 Be6 7. Be3 0-0 8. Qd2 a6 9. Be2 Rb8 10. Ng5 Bd7 11. 0-0 Ne8 12. Nd5 f5 13. Nxe7+ Qxe7 14. f4 h6 15. Nf3 exf4 16. Bxf4 fxe4 17. dxe4 Qxe4 18. Be3 Nf6 19. Bd3 Qd5 20. Rad1 Rbe8 21. c4 Qh5 22. Nh2 Ne5 23. Be2 Qg6 24. Bg4 Nxc4 25. Rxf6 Rxf6 26. Qd5+ Qf7 27. Bxd7 Qxd5 28. Rxd5 Nxe3 29. Rd3 Re7 30. Ba4 Kh8 31. Nf3 Nc4 32. Bc2 Re2 33. Rc3 b5 34. b3 Ne3 35. Bd3 Rxg2+ 36. Kh1 Rxf3 0-1

[Event "Wiesbaden op 28th"]
[Site "Wiesbaden"]
[Date "2016.08.27"]
[Round "5"]
[White "Klebs, Sebastian"]
[Black "Diener, Carolin Valeria"]
[Result "0-1"]
[WhiteElo "1836"]
[BlackElo "1692"]
[PlyCount "62"]
[EventDate "2016.08.25"]
[EventType "swiss"]
[EventRounds "7"]
[EventCountry "GER"]
[SourceTitle "CBM 174 Extra"]
[Source "ChessBase"]
[SourceDate "2016.10.10"]
[SourceVersion "1"]
[SourceVersionDate "2016.10.10"]
[SourceQuality "1"]

1. e4 e5 2. Nc3 Nf6 3. f4 d5 4. exd5 exf4 5. Bb5+ Bd7 6. Bc4 Bd6 7. Qe2+ Be7 8. d4 0-0 9. Bxf4 Re8 10. 0-0-0 Bb4 11. Qd3 a6 12. Nf3 b5 13. Bb3 Bxc3 14. bxc3 Ne4 15. Ne5 Nf2 16. Qf3 Nxd1 17. Rxd1 Ra7 18. Bg3 Rf8 19. Rf1 Be8 20. h4 a5 21. a3 Qe7 22. Kb2 b4 23. a4 Ra6 24. Re1 Qf6 25. Qe2 bxc3+ 26. Kxc3 Qb6 27. Qc4 Ra7 28. Rf1 Rb7 29. Rf2 Na6 30. d6 cxd6 31. Nd3 Rc7 0-1

[Event "Wiesbaden op 28th"]
[Site "Wiesbaden"]
[Date "2016.08.26"]
[Round "3"]
[White "Goodwin, David"]
[Black "Diener, Carolin Valeria"]
[Result "1/2-1/2"]
[WhiteElo "1504"]
[BlackElo "1692"]
[PlyCount "56"]
[EventDate "2016.08.25"]
[EventType "swiss"]
[EventRounds "7"]
[EventCountry "GER"]
[SourceTitle "CBM 174 Extra"]
[Source "ChessBase"]
[SourceDate "2016.10.10"]
[SourceVersion "1"]
[SourceVersionDate "2016.10.10"]
[SourceQuality "1"]

1. Nf3 d5 2. g3 Nf6 3. d3 Nc6 4. Bg2 e5 5. 0-0 Be7 6. Nbd2 Bg4 7. c4 0-0 8. cxd5 Nxd5 9. Ne4 Qd7 10. a3 Bh3 11. Qa4 Bxg2 12. Kxg2 Kh8 13. h4 f5 14. Neg5 h6 15. Rh1 hxg5 16. hxg5+ Kg8 17. Qh4 Qe6 18. Qh5 Nf6 19. gxf6 Bxf6 20. Qg6 Ne7 21. Qh5 Nc6 22. Be3 e4 23. dxe4 fxe4 24. Ng5 Bxg5 25. Qh7+ Kf7 26. Qh5+ g6 27. Qxg5 Qf5 28. Rh7+ Ke8 1/2-1/2

[Event "Hessen-ch op-A"]
[Site "Floersheim"]
[Date "2016.05.05"]
[Round "1"]
[White "Diener, Carolin Valeria"]
[Black "Roggensack, Hans Peter"]
[Result "0-1"]
[WhiteElo "1740"]
[BlackElo "2021"]
[PlyCount "80"]
[EventDate "2016.05.05"]
[EventType "swiss"]
[EventRounds "7"]
[EventCountry "GER"]
[SourceTitle "EXT 2022"]
[Source "ChessBase"]
[SourceDate "2021.10.06"]
[SourceVersion "1"]
[SourceVersionDate "2021.10.06"]
[SourceQuality "1"]

1. e4 e5 2. Nf3 Nf6 3. Nxe5 d6 4. Nf3 Nxe4 5. d4 d5 6. h3 Be7 7. Bd3 0-0 8. 0-0 Nc6 9. c3 Bf5 10. Qc2 Bg6 11. Bf4 Bd6 12. Bxd6 Qxd6 13. Nbd2 Nf6 14. Rfe1 Rfe8 15. Nh4 Bxd3 16. Qxd3 a6 17. Nf5 Qd7 18. Ne3 Ne4 19. Re2 Nxd2 20. Qxd2 Re4 21. Rae1 Rae8 22. Qc2 Ne7 23. Qb3 c6 24. Ng4 Ng6 25. Rxe4 Rxe4 26. Rxe4 dxe4 27. Ne3 Nf4 28. Qd1 h5 29. Nc4 Qd5 30. b3 Qg5 31. g3 Nxh3+ 32. Kg2 Nf4+ 33. Kh2 Nd3 34. Qe2 f5 35. Nd2 h4 36. g4 Qf4+ 37. Kg1 g6 38. gxf5 gxf5 39. Qh5 Qxf2+ 40. Kh1 Qe1+ 0-1

[Event "Wiesbaden op 27th"]
[Site "Wiesbaden"]
[Date "2015.08.30"]
[Round "7"]
[White "Diener, Carolin Valeria"]
[Black "Bolduan, Michael"]
[Result "1/2-1/2"]
[WhiteElo "1722"]
[BlackElo "1867"]
[PlyCount "28"]
[EventDate "2015.08.27"]
[EventType "swiss"]
[EventRounds "7"]
[EventCountry "GER"]
[SourceTitle "EXT 2016"]
[Source "ChessBase"]
[SourceDate "2015.10.08"]
[SourceVersion "1"]
[SourceVersionDate "2015.10.08"]
[SourceQuality "1"]

1. e4 e6 2. d4 d5 3. Nc3 dxe4 4. Nxe4 Nd7 5. Nf3 Ngf6 6. Ng3 c5 7. Be2 Be7 8. 0-0 0-0 9. b3 b6 10. Bb2 Bb7 11. c4 Qc7 12. Qc2 cxd4 13. Nxd4 a6 14. Rac1 Rfd8 1/2-1/2

[Event "GER-ch U16 Girls"]
[Site "Willingen"]
[Date "2015.05.25"]
[Round "3"]
[White "Silber, Stefanie"]
[Black "Diener, Carolin Valeria"]
[Result "0-1"]
[WhiteElo "1520"]
[BlackElo "1595"]
[PlyCount "74"]
[EventDate "2015.05.24"]
[EventType "swiss"]
[EventRounds "9"]
[EventCountry "GER"]
[SourceTitle "CBM 166 Extra"]
[Source "ChessBase"]
[SourceDate "2015.06.18"]
[SourceVersion "1"]
[SourceVersionDate "2015.06.18"]
[SourceQuality "1"]

1. e4 e5 2. Nf3 Nc6 3. Bb5 a6 4. Bxc6 dxc6 5. 0-0 f6 6. d4 exd4 7. Nxd4 c5 8. Nb3 Qxd1 9. Rxd1 Bg4 10. f3 Be6 11. Be3 b6 12. Nc3 Bd6 13. Nd5 0-0-0 14. a4 Ne7 15. Nxe7+ Bxe7 16. Kf2 Bd6 17. g3 g5 18. a5 Bxb3 19. cxb3 Kb7 20. Bd2 Be5 21. Bc3 bxa5 22. Ke2 Bxc3 23. bxc3 Kb6 24. c4 Rd4 25. Rxd4 cxd4 26. Kd3 c5 27. g4 h5 28. gxh5 Rxh5 29. Ra2 Rh3 30. Rf2 a4 31. b4 cxb4 32. Kxd4 Rh8 33. Kd3 Rd8+ 34. Ke3 Kc5 35. Rc2 a5 36. h3 a3 37. Ke2 b3 0-1

[Event "Hessen-ch U14/U18 Girls"]
[Site "Bad Homburg"]
[Date "2015.04.03"]
[Round "7"]
[White "Tampe, Katharina"]
[Black "Diener, Carolin Valeria"]
[Result "1-0"]
[WhiteElo "1089"]
[BlackElo "1706"]
[PlyCount "57"]
[EventDate "2015.03.30"]
[EventType "swiss"]
[EventRounds "7"]
[EventCountry "GER"]
[SourceTitle "EXT 2017"]
[Source "ChessBase"]
[SourceDate "2016.10.25"]
[SourceVersion "1"]
[SourceVersionDate "2016.10.25"]
[SourceQuality "1"]

1. Nf3 d5 2. d4 Nf6 3. g3 e6 4. Bg2 Be7 5. b3 0-0 6. 0-0 Nbd7 7. c4 b6 8. a4 Bb7 9. Nc3 dxc4 10. bxc4 c5 11. d5 exd5 12. cxd5 Bd6 13. e4 Ne5 14. Bf4 Nxf3+ 15. Qxf3 Re8 16. Rfe1 Be5 17. Bxe5 Rxe5 18. Qd1 a6 19. f4 Re8 20. e5 Nd7 21. e6 fxe6 22. dxe6 Bxg2 23. exd7 Rxe1+ 24. Qxe1 Bh3 25. Rd1 Kf8 26. Qe4 Ra7 27. Qxh7 Bxd7 28. Qh8+ Ke7 29. Nd5+ 1-0